Opakovanie ako dôkaz o premýšľaní

Bibliographic Details
Main Author: Suballyová, Ľubica (Author)
Format: Article
Language:Slovak
ISSN:1210-1982
Subjects:

MARC

LEADER 00000nab a2200000 ar4500
001 vtls008408812
003 SK-MaSNL
005 20260303070111.0
008 160314c2005 xo mr|p|||||||000 b|slo
015 |a SNBRB2005/11  |2 snkbucl 
038 |a SNKBUCL 
040 |a SNKBUCL  |b slo  |c SNKBUCL  |e AACR2 
041 0 |a slo 
044 |a xo  |c SK 
080 |a 82.09:821.162.3-93  |x (048)  |2 UDC-MRF-SK2 
080 |a 821.162.3-93  |x (048)  |2 UDC-MRF-SK2 
080 |a 821.162.3-32  |x (0.053.2)  |x (048)  |2 UDC-MRF-SK2 
100 1 |a Suballyová, Ľubica  |4 aut  |9 268637 
245 1 0 |a Opakovanie ako dôkaz o premýšľaní  |c Ľubica Suballyová 
650 0 7 |a autorské rozprávky, české  |x recenzie  |2 snkbucl  |9 20612 
773 0 |t Knižná revue  |g Roč. XV, č. 16-17 (2005), s. 5  |x 1210-1982 
787 0 8 |i Rec.:  |a Černík, Michal, 1943-  |t Rozprávky o kohútikovi a sliepočke  |d [Bratislava] : Buvik, 2005  |z 8089028519 
852 |a SNK  |b KIS3GCP 
958 |a RC 
958 |a LX 
958 |a CZ 
999 |c 1753963  |d 1755893